Magyar nagyfehér és KAHYB sertések összehasonlító vizsgálata

Elmentve itt :
Bibliográfiai részletek
Szerző: Lukács Ferenc
További közreműködők: Vidács Lajos (Témavezető)
Dokumentumtípus: Szakdolgozat
Megjelent: 1989
Kulcsszavak:Sertéstenyésztés
Tárgyszavak:
Online Access:http://diploma.bibl.u-szeged.hu/99447
LEADER 00682nta a2200205 i 4500
001 dipl99447
005 20220110122632.0
008 211213s1989 hu om 0|| hun d
040 |a SZTE Diploma Repozitórium  |b hun 
041 |a hun 
100 1 |a Lukács Ferenc 
245 1 0 |a Magyar nagyfehér és KAHYB sertések összehasonlító vizsgálata  |h [elektronikus dokumentum] /  |c Ferenc Lukács 
260 |c 1989 
300 |a 41 
650 4 |a Agrár 
650 4 |a Agricultural sciences 
650 4 |a Animal and Dairy science 
695 |a Sertéstenyésztés 
700 1 |a Vidács Lajos  |e ths 
856 4 0 |u http://diploma.bibl.u-szeged.hu/id/eprint/99447/1/1989_lukacs_ferenc.pdf  |z Dokumentum-elérés